000
00318nam a2200133Ia 4500
008
150201s2005 xx 000 0 und d
082
_a
616.07
_b
D10G
100
_a
GRAY,WINIFRED
245
_a
DIAGNOSTIC CYTOPATHOLOGY
250
_a
3RD
260
_b
CHURCHILL
_a
DELHI
_c
2005
650
_a
PATHOLOGY
942
_2
ddc
_c
BK
_0
1
999
_c
1223
_d
1223